NGDO's and grassroots development: limits and possibilities. Final report
Kaydedildi:
| Yazar: | |
|---|---|
| Müşterek Yazar: | |
| Materyal Türü: | Metin |
| Baskı/Yayın Bilgisi: |
The Hague
|
| Etiketler: |
Etiketle
Etiket eklenmemiş, İlk siz ekleyin!
|
MARC
| LEADER | 00000 a a2200000 04500 | ||
|---|---|---|---|
| 001 | 23236 | ||
| 003 | |||
| 040 | |||
| 090 | |a 160800 | ||
| 100 | |a Padrón Castillo, Mario | ||
| 110 | |a Associations, Development Center, NGO's | ||
| 245 | |a NGDO's and grassroots development: limits and possibilities. Final report | ||
| 260 | |a The Hague | ||
| 300 | |a 130 p |b **no definido** | ||
| 999 | |c 11188 |d 11188 | ||
